Public finance and International economics (Record no. 201582)

MARC details
000 -LEADER
fixed length control field 00621nam a22001817a 4500
005 - DATE AND TIME OF LATEST TRANSACTION
control field 20240319110452.0
010 ## - LCCN (DPL NO)
LC control number ENG-139777
020 ## - INTERNATIONAL STANDARD BOOK NUMBER
Terms of availability 147.50
035 ## - SYSTEM CONTROL NUMBER
System control number EN-123309
037 ## - SOURCE OF ACQUISITION
Source of stock number/acquisition DBAD/PUB
082 ## - DEWEY DECIMAL CLASSIFICATION NUMBER
Classification number 337.3
Edition number 1
245 ## - TITLE STATEMENT
Title Public finance and International economics
Remainder of title For B.A third year of all universities,entrance examination & other competitive exam
250 ## - EDITION STATEMENT
Edition statement 1
260 ## - PUBLICATION, DISTRIBUTION, ETC. (IMPRINT)
Place of publication, distribution, etc Hyderabad
Name of publisher, distributor, etc Lorven publications
Date of publication, distribution, etc 2012
270 ## - ADDRESS
Address 3-5-1108, Maruthi complex, narayanguda
City Hyderabad
Postal code 500029
Telephone number 24753066
Fax number 91-40-66365445
300 ## - PHYSICAL DESCRIPTION
Extent 176p.
Dimensions 20cm(pbk)
942 ## - ADDED ENTRY ELEMENTS (KOHA)
Source of classification or shelving scheme Dewey Decimal Classification
Item type English Books
Classification part 337.3
Call number suffix Pub
Edition 1
Holdings
Withdrawn status Lost status Not for loan Collection code Home library Current library Date acquired Source of acquisition Cost, normal purchase price Full call number Barcode Copy number Cost, replacement price Koha item type
      Non-fiction Narela Narela 19/03/2024 DBAD 85.00 337.3 Pub EN-123309 1 85.00 English Books

© Delhi Public Library
Hit Counter
free hit counter